| 000 | 00761nam a22002537a 4500 | ||
|---|---|---|---|
| 999 |
_c4345 _d4345 |
||
| 001 | 6788 | ||
| 003 | BD-DhUAP | ||
| 005 | 20201108142738.0 | ||
| 008 | 201108r20011970 enka b 001 0 eng d | ||
| 020 | _a8121902800 | ||
| 040 |
_aDLC _cDLC _dBD-DhUAP _bEng |
||
| 082 | 0 | 0 |
_223 _a539.1 LAL |
| 100 | 1 |
_aLal, Brij. _920739 |
|
| 245 | 1 | 0 |
_aProperties of matter / _cBrij Lal. and N. Subrahmanyam. |
| 250 | _a1st ed. | ||
| 260 |
_aNew Delhi : _bEuradia Publishing House, _cc1980 [Reprinted 2001, 2005]. |
||
| 300 |
_axv, 472 pages : _billustrations ; _c24 cm. |
||
| 500 | _aIncludes index. | ||
| 650 | 0 |
_aMatter _xProperties. _920740 |
|
| 650 | 0 | _aPhysics. | |
| 700 | 1 |
_aSubrahmanyam, N. _920741 |
|
| 942 |
_2ddc _cBK |
||